| 000 | 00000nas##2200000za#4500 |
| 001 | 9.513061 |
| 003 | CaOODSP |
| 005 | 20210615082736 |
| 007 | ta |
| 008 | 150406c2001||||xxc|| m #||||f| |0fre|d |
| 040 | |aCaOODSP|bfre |
| 043 | |an-cn--- |
| 086 | 1 |aH113-5F |
| 110 | 1 |aCanada.|bSanté Canada. |bAgence de réglementation de la lutte antiparasitaire. |
| 245 | 10|aNote de réévaluation |
| 260 | |aOttawa - Ontario : |bSanté Canada. |
| 310 | |aIrrégulier |
| 500 | |aDocument sur la réévaluation (REV99-01), Note sur la réévaluation (REV2000-01 -- REV2004-01), Note de réévaluation (REV2004-02.--). |
| 520 | 3 |aDiffusés aux différentes étapes du processus de réévaluation de l'ARLA. |
| 563 | |aPolycopié |
| 691 | 07|aÉvaluation|2gcpds |
| 691 | 07|aPesticide|2gcpds |
| 775 | 08|tRe-evaluation note |w(CaOODSP)9.514700 |
| 776 | 0#|tNote de réévaluation |w(CaOODSP)9.500878 |